[Event "V Festival A"]
[Site "Torre del Greco ITA"]
[Date "2006.09.08"]
[Round "6"]
[White "Dragojlovic, Andjelko"]
[Black "Della Corte, Alessandro"]
[Result "1/2-1/2"]
[WhiteElo "2368"]
[BlackElo "2205"]
[PlyCount "56"]
[EventDate "2006.09.03"]

1. e4 e5 2. Nc3 Nf6 3. g3 d5 4. exd5 Nxd5 5. Bg2 Nxc3 6. bxc3 Nd7 7. Nf3 Be7 8.
O-O O-O 9. Re1 Bf6 10. d3 Re8 11. Rb1 Nb6 12. c4 e4 13. Nd2 exd3 14. Rxe8+ Qxe8
15. cxd3 Bf5 16. Ne4 Bxe4 17. Bxe4 Nxc4 18. Bxb7 Rd8 19. Bf4 Nb2 20. Qc2 Nxd3
21. Bxc7 Rd7 22. Bc6 Nb4 23. Bb5 Nxc2 24. Bxd7 Qxd7 25. Rb8+ Bd8 26. Rxd8+ Qxd8
27. Bxd8 Kf8 28. Ba5 Ke7 1/2-1/2

[Event "V Festival A"]
[Site "Torre del Greco ITA"]
[Date "2006.09.08"]
[Round "6"]
[White "Grasso, Nino"]
[Black "De Carlo, Fabio"]
[Result "0-1"]
[WhiteElo "1972"]
[BlackElo "1864"]
[PlyCount "84"]
[EventDate "2006.09.03"]

1. e4 c5 2. d4 cxd4 3. c3 dxc3 4. Nxc3 Nc6 5. Nf3 e6 6. Bc4 Nf6 7. e5 Ng4 8.
Bf4 f6 9. exf6 Qxf6 10. Bg5 Qf5 11. Bd3 Qa5 12. O-O Be7 13. Bxe7 Nxe7 14. Qc2
Qh5 15. h3 Nf6 16. Nb5 O-O 17. Nd6 Nfd5 18. Be4 b6 19. h4 h6 20. Rfe1 Ba6 21.
Bh7+ Kh8 22. Ne5 Nf4 23. Nxd7 Rfd8 24. Be4 Rxd7 25. Bxa8 Rxd6 26. Qa4 Ne2+ 27.
Rxe2 Bxe2 28. Qxa7 Nf5 29. Qb8+ Kh7 30. Be4 Rd2 31. Qxb6 Bc4 32. Bf3 Qxh4 33.
b3 Nd4 34. Be4+ Qxe4 35. bxc4 Ne2+ 36. Kf1 Qxc4 37. Qb1+ Kg8 38. Qb8+ Kf7 39.
Qb7+ Kg6 40. Ke1 Nf4 41. Qb1+ Rc2 42. Qd1 Nxg2# 0-1

[Event "V Festival A"]
[Site "Torre del Greco ITA"]
[Date "2006.09.08"]
[Round "6"]
[White "Manguso, Mauro"]
[Black "Gromovs, Sergejs"]
[Result "0-1"]
[WhiteElo "2054"]
[BlackElo "2314"]
[PlyCount "97"]
[EventDate "2006.09.03"]

1. c4 g6 2. Nf3 Bg7 3. d4 c5 4. g3 cxd4 5. Nxd4 Nc6 6. Nxc6 bxc6 7. Bg2 Qa5+ 8.
Nd2 Nf6 9. O-O O-O 10. a3 Rb8 11. b4 Qh5 12. Rb1 d5 13. e4 Bg4 14. f3 Be6 15.
exd5 cxd5 16. c5 d4 17. Ne4 Ba2 18. g4 Qd5 19. Rb2 Nxe4 20. fxe4 Qe6 21. Bf4
Rbd8 22. e5 Bc4 23. Re1 d3 24. h3 f6 25. exf6 Qxf6 26. Be5 Qxe5 27. Rxe5 Bxe5
28. Rd2 Bf4 29. c6 Rf6 30. a4 Re6 31. Qc1 Rd4 32. c7 Bxc7 33. Bd5 Bb6 34. Bxe6+
Bxe6 35. Kh2 Rc4 36. Qe1 Bc7+ 37. Kg1 Bb6+ 38. Kh2 Bd5 39. Rxd3 Bc7+ 40. Kg1
Bb6+ 41. Kh2 Be4 42. Rd2 Bc7+ 43. Kg1 Bb6+ 44. Kh2 Bc7+ 45. Kg1 Be5 46. Qf1
Bd4+ 47. Kh2 Rxb4 48. Rxd4 Rxd4 49. Qa6 0-1

[Event "V Festival A"]
[Site "Torre del Greco ITA"]
[Date "2006.09.08"]
[Round "6"]
[White "Pinto, Gaetano"]
[Black "Malafronte, Agostino"]
[Result "0-1"]
[WhiteElo "1979"]
[BlackElo "1999"]
[PlyCount "142"]
[EventDate "2006.09.03"]

1. d4 Nf6 2. Nf3 g6 3. c3 Bg7 4. Bg5 b6 5. Nbd2 Bb7 6. e3 d6 7. Be2 Nbd7 8. O-O
h6 9. Bh4 g5 10. Bg3 Nh5 11. b4 Nxg3 12. hxg3 e6 13. a4 h5 14. a5 h4 15. gxh4
gxh4 16. axb6 cxb6 17. Nh2 Qc7 18. Bf3 d5 19. c4 Nf6 20. cxd5 Nxd5 21. Qb3 O-O
22. Rfc1 Qe7 23. Nc4 Rfd8 24. b5 Qg5 25. Ra4 Bxd4 26. Nxb6 Nxb6 27. Bxb7 Nxa4
28. Qxa4 Bxe3 29. Rc4 Bxf2+ 30. Kf1 Qe3 31. Rg4+ Kf8 32. Qb4+ Qc5 33. Bxa8 Rxa8
34. Rxh4 Qxb4 35. Rxb4 Bb6 36. Nf3 Ke7 37. Ne5 f6 38. Nc4 Rg8 39. Nxb6 axb6 40.
Rc4 Rg5 41. Rc7+ Kd8 42. Rc6 Rxb5 43. Rxe6 f5 44. Ke2 Kc7 45. Rf6 Rc5 46. Kd3
Kb7 47. Kd4 Ka6 48. g3 Kb5 49. Rg6 Rc6 50. Rg5 Rc5 51. Rg6 Ka5 52. Rf6 Rb5 53.
Kc4 Ka4 54. Rf8 Rb4+ 55. Kc3 Rg4 56. Rxf5 Rxg3+ 57. Kb2 b5 58. Rf4+ b4 59. Rf8
Rg2+ 60. Kb1 Ka3 61. Ra8+ Kb3 62. Kc1 Rg1+ 63. Kd2 Kb2 64. Rb8 b3 65. Rb7 Rg8
66. Rd7 Rc8 67. Rd6 Kb1 68. Rb6 b2 69. Rb7 Rd8+ 70. Ke2 Rd4 71. Rb8 Kc2 0-1

[Event "V Festival A"]
[Site "Torre del Greco ITA"]
[Date "2006.09.08"]
[Round "6"]
[White "Piro, Valerio"]
[Black "Lamagna, Mario"]
[Result "1-0"]
[WhiteElo "2114"]
[BlackElo "1912"]
[PlyCount "65"]
[EventDate "2006.09.03"]

1. c4 g6 2. Nc3 Bg7 3. g3 c5 4. Bg2 Nc6 5. Nf3 Nf6 6. d4 cxd4 7. Nxd4 O-O 8.
O-O a6 9. h3 Qc7 10. Nxc6 bxc6 11. c5 Qa5 12. Na4 Rb8 13. Rb1 Nd5 14. e4 Nb4
15. a3 Nd3 16. Qc2 Nxc1 17. Rfxc1 Qb5 18. Nb6 a5 19. Bf1 Rxb6 20. Bxb5 Rxb5 21.
Rd1 Ba6 22. Rxd7 Rfb8 23. b4 axb4 24. axb4 Bc8 25. Rd8+ Bf8 26. Kh2 Be6 27.
Rxb8 Rxb8 28. Qa4 Bg7 29. Qxc6 Bd4 30. Kg2 Bc3 31. b5 Rd8 32. b6 Bd7 33. Qc7
1-0

[Event "V Festival A"]
[Site "Torre del Greco ITA"]
[Date "2006.09.08"]
[Round "6"]
[White "Vanacore, Francesco"]
[Black "Balzano, Luigi"]
[Result "1/2-1/2"]
[WhiteElo "2055"]
[BlackElo "1781"]
[PlyCount "74"]
[EventDate "2006.09.03"]

1. e4 c6 2. d4 d5 3. e5 Bf5 4. Bd3 Bxd3 5. Qxd3 e6 6. f4 Ne7 7. Nf3 h5 8. c3
Nf5 9. O-O Be7 10. a3 Nd7 11. Be3 h4 12. Bf2 c5 13. b4 c4 14. Qc2 b5 15. Nbd2
Nf8 16. g4 hxg3 17. hxg3 Ng6 18. Kg2 Nh6 19. Rh1 Kd7 20. Nf1 a5 21. Ne3 axb4
22. axb4 Qb6 23. Ra2 Ra6 24. Rha1 Rha8 25. f5 Rxa2 26. fxe6+ Qxe6 27. Rxa2 Rxa2
28. Qxa2 Qc6 29. Qa7+ Ke6 30. Bg1 Nf8 31. g4 Nd7 32. Bf2 g5 33. Ng1 Bd8 34. Ne2
Bb6 35. Qa1 Nxe5 36. Qh1 Nhxg4 37. Qh5 Nxe3+ 1/2-1/2

[Event "V Festival A"]
[Site "Torre del Greco ITA"]
[Date "2006.09.09"]
[Round "7"]
[White "Balzano, Luigi"]
[Black "Grasso, Nino"]
[Result "0-1"]
[WhiteElo "1781"]
[BlackElo "1972"]
[PlyCount "96"]
[EventDate "2006.09.03"]

1. d4 Nf6 2. c4 c5 3. e3 g6 4. Nc3 Bg7 5. Nf3 O-O 6. Be2 d6 7. h3 Nbd7 8. O-O
b6 9. Qc2 cxd4 10. exd4 Bb7 11. Be3 Rc8 12. Rac1 d5 13. b3 Qc7 14. Qd1 Qb8 15.
Re1 dxc4 16. bxc4 Nh5 17. Nd2 Nf4 18. Bxf4 Qxf4 19. Nb3 Rfd8 20. Nd5 Bxd5 21.
cxd5 Nf6 22. Rxc8 Rxc8 23. Bf3 Qd6 24. Qe2 Rc7 25. Qb5 Kf8 26. a4 Rd7 27. Qc6
a5 28. Rc1 Ne8 29. Qb5 Nc7 30. Qc4 f5 31. Qc6 Nxd5 32. Bxd5 Qxd5 33. Qxb6 Rb7
34. Qxa5 Qxb3 35. Qd8+ Kf7 36. Rc8 Qb1+ 37. Kh2 Qe4 38. Qe8+ Kf6 39. Qc6+ Qxc6
40. Rxc6+ Kf7 41. d5 Be5+ 42. g3 Rb2 43. Kg2 Bd4 44. Rc7 Rxf2+ 45. Kh1 Be5 46.
Ra7 Bxg3 47. a5 Rh2+ 48. Kg1 Bf2+ 0-1

[Event "V Festival A"]
[Site "Torre del Greco ITA"]
[Date "2006.09.09"]
[Round "7"]
[White "Della Corte, Alessandro"]
[Black "Pinto, Gaetano"]
[Result "1/2-1/2"]
[WhiteElo "2205"]
[BlackElo "1979"]
[PlyCount "114"]
[EventDate "2006.09.03"]

1. e4 e6 2. Nf3 d5 3. e5 c5 4. b4 cxb4 5. d4 Ne7 6. a3 Nbc6 7. axb4 Nxb4 8. c3
Nbc6 9. Bd3 Bd7 10. Ba3 Nc8 11. Bxf8 Kxf8 12. Qc1 Nb6 13. Nbd2 a6 14. O-O Na7
15. Qa3+ Kg8 16. c4 Nxc4 17. Bxc4 dxc4 18. Nxc4 Bb5 19. Rfc1 Bxc4 20. Rxc4 Nb5
21. Qe3 Nc7 22. Qb3 Rb8 23. Ng5 Nd5 24. Ne4 g6 25. Nd6 Kg7 26. Rb1 Qe7 27. Qg3
h6 28. h4 Rhg8 29. Rb3 Kh7 30. Rf3 Rg7 31. Rc5 g5 32. hxg5 Qxg5 33. Qxg5 hxg5
34. g4 Kg6 35. Nf5 Rh7 36. Ng3 Nf4 37. Rc7 b5 38. Ra7 Rb6 39. Ra3 Rh8 40. R3xa6
Rxa6 41. Rxa6 Rb8 42. Kf1 b4 43. Ke1 b3 44. Ra1 Rb4 45. Rb1 b2 46. Kd2 Rxd4+
47. Kc3 Rd5 48. Rxb2 Rxe5 49. Kd4 Re1 50. Rb5 Nd5 51. Rb8 Nf6 52. f3 Rg1 53.
Ne4 Nxe4 54. Kxe4 f5+ 55. gxf5+ exf5+ 56. Ke3 f4+ 57. Ke2 Ra1 1/2-1/2

[Event "V Festival A"]
[Site "Torre del Greco ITA"]
[Date "2006.09.09"]
[Round "7"]
[White "Dragojlovic, Andjelko"]
[Black "De Carlo, Fabio"]
[Result "1-0"]
[WhiteElo "2368"]
[BlackElo "1864"]
[PlyCount "43"]
[EventDate "2006.09.03"]

1. e4 c5 2. Nf3 Nc6 3. Nc3 g6 4. d4 cxd4 5. Nxd4 Bg7 6. Be3 Nf6 7. Bc4 O-O 8.
Bb3 d6 9. h3 Na5 10. O-O a6 11. Re1 Qc7 12. Bg5 e6 13. Qf3 Nxb3 14. axb3 Nd7
15. Rad1 b5 16. Qg3 h6 17. Be7 Ne5 18. Bxf8 Kxf8 19. f4 Nd7 20. f5 Qc5 21. Qf2
Ne5 22. fxe6 1-0

[Event "V Festival A"]
[Site "Torre del Greco ITA"]
[Date "2006.09.09"]
[Round "7"]
[White "Malafronte, Agostino"]
[Black "Gromovs, Sergejs"]
[Result "0-1"]
[WhiteElo "1999"]
[BlackElo "2314"]
[PlyCount "52"]
[EventDate "2006.09.03"]

1. d4 g6 2. e4 Bg7 3. Nf3 d6 4. Be2 Nf6 5. Qd3 O-O 6. O-O b6 7. c3 Bb7 8. Nfd2
e5 9. b4 a5 10. b5 Nbd7 11. Na3 d5 12. f3 Re8 13. dxe5 Nxe5 14. Qc2 dxe4 15.
Nxe4 Nxe4 16. fxe4 Qe7 17. Kh1 Qc5 18. Bb2 Qe3 19. Bf3 Nxf3 20. gxf3 Rxe4 21.
Qg2 Ree8 22. Nc2 Qd3 23. Rad1 Qxb5 24. Ba1 Qc4 25. Nd4 c5 26. Nf5 Re2 0-1

[Event "V Festival A"]
[Site "Torre del Greco ITA"]
[Date "2006.09.09"]
[Round "7"]
[White "Vanacore, Francesco"]
[Black "Piro, Valerio"]
[Result "1/2-1/2"]
[WhiteElo "2055"]
[BlackElo "2114"]
[PlyCount "123"]
[EventDate "2006.09.03"]

1. e4 c6 2. d4 d5 3. e5 Bf5 4. Bd3 Bxd3 5. Qxd3 e6 6. f4 Ne7 7. Nf3 h5 8. c3
Nf5 9. O-O Qb6 10. a3 Qa6 11. Qxa6 Nxa6 12. b4 b6 13. Re1 c5 14. Be3 c4 15.
Nbd2 b5 16. Nf1 Be7 17. a4 bxa4 18. Rxa4 Nc7 19. Bd2 Kd7 20. Ne3 Nxe3 21. Rxe3
Rhb8 22. Re1 Rb5 23. Rea1 a6 24. Ne1 Kc6 25. Kf2 Rb7 26. Ke2 Rba7 27. Nc2 Kb6
28. Ra5 Nb5 29. Kd1 Kb7 30. Kc1 Bd8 31. R5a4 a5 32. Kb2 Kb6 33. bxa5+ Rxa5 34.
Rxa5 Rxa5 35. Rxa5 Kxa5 36. Na3 Na7 37. Ka2 Ka4 38. Bc1 Be7 39. Nc2 Nb5 40. Bd2
Bd8 41. Kb2 Ba5 42. h4 Bd8 43. g3 Ba5 44. Be1 Na7 45. Bd2 Kb5 46. Ne3 Kc6 47.
Kc2 Nb5 48. Nd1 Kd7 49. Ne3 Ke7 50. Nd1 f6 51. Ne3 fxe5 52. fxe5 Kf7 53. Ng2
Bd8 54. Nf4 g6 55. Nh3 Ba5 56. Nf4 Bd8 57. Nh3 Be7 58. Nf4 Bf8 59. Nh3 Nc7 60.
Ng5+ Kg7 61. Nh3 Kf7 62. Ng5+ 1/2-1/2

[Event "V Festival A"]
[Site "Torre del Greco ITA"]
[Date "2006.09.10"]
[Round "8"]
[White "Balzano, Luigi"]
[Black "Lamagna, Mario"]
[Result "1-0"]
[WhiteElo "1781"]
[BlackElo "1912"]
[PlyCount "113"]
[EventDate "2006.09.03"]

1. d4 Nf6 2. c4 g6 3. Nc3 Bg7 4. e4 d6 5. Bd3 O-O 6. Nge2 e5 7. d5 c6 8. Bg5 h6
9. Bd2 Na6 10. a3 Nc5 11. Bc2 a5 12. Be3 cxd5 13. Bxc5 dxc5 14. cxd5 Ne8 15.
O-O Nd6 16. Rb1 b5 17. b4 c4 18. Kh1 f5 19. f3 f4 20. Qe1 Bf6 21. Qf2 Kh8 22.
Qc5 Be7 23. Qf2 g5 24. g4 Qe8 25. Kg2 h5 26. h3 Bd8 27. Qc5 Be7 28. Qb6 Ra6 29.
Qg1 Qg6 30. a4 axb4 31. Rxb4 bxa4 32. Rxa4 Nb7 33. Rfa1 Rxa4 34. Nxa4 hxg4 35.
hxg4 Bxg4 36. Nec3 Bc8 37. Qb6 Rf6 38. Qc7 Qe8 39. Rh1+ Kg7 40. Qxe5 Qg6 41.
Qxe7+ Rf7 42. Qe8 Rf8 43. Qxg6+ Kxg6 44. e5+ Bf5 45. Be4 Na5 46. Bxf5+ Rxf5 47.
e6 Re5 48. Kf2 Nb7 49. Rd1 Kf6 50. Ne4+ Ke7 51. Nac3 Na5 52. Ra1 Nc6 53. dxc6
Rxe6 54. Ra7+ Kd8 55. Rd7+ Ke8 56. Nd6+ Kf8 57. c7 1-0

[Event "V Festival A"]
[Site "Torre del Greco ITA"]
[Date "2006.09.10"]
[Round "8"]
[White "De Carlo, Fabio"]
[Black "Manguso, Mauro"]
[Result "0-1"]
[WhiteElo "1864"]
[BlackElo "2054"]
[PlyCount "110"]
[EventDate "2006.09.03"]

1. c4 g6 2. Nc3 Bg7 3. g3 c5 4. Bg2 Nc6 5. a3 e6 6. b4 d6 7. Rb1 Nge7 8. e3 O-O
9. Nge2 Rb8 10. d4 cxd4 11. exd4 e5 12. Bb2 Bg4 13. h3 Bf5 14. d5 Nd4 15. Ne4
Nxe2 16. Qxe2 b5 17. Nxd6 Bxb1 18. Nxb5 Rxb5 19. cxb5 Nxd5 20. O-O Bf5 21. Rd1
e4 22. Bxg7 Kxg7 23. Qb2+ Qf6 24. Qxf6+ Nxf6 25. g4 Be6 26. Rd4 Re8 27. a4 Bb3
28. a5 Rb8 29. b6 axb6 30. a6 b5 31. g5 Nd5 32. Bxe4 Nb6 33. Rd6 Re8 34. Bb7
Nc8 35. Rc6 Na7 36. Rc7 Kf8 37. Kg2 Re7 38. Rc5 Ke8 39. Kf3 Bc4 40. Kf4 Kd8 41.
h4 Re2 42. f3 Rb2 43. Ke5 Rxb4 44. Kd6 Be6 45. Rc1 Rxh4 46. Kc5 Kc7 47. Be4 h6
48. Kd4+ Kd6 49. Kc3 hxg5 50. Rd1+ Kc7 51. Rg1 f5 52. Bb7 b4+ 53. Kb2 Rh2+ 54.
Ka1 Nb5 55. Rc1+ Nc3 0-1

[Event "V Festival A"]
[Site "Torre del Greco ITA"]
[Date "2006.09.10"]
[Round "8"]
[White "Grasso, Nino"]
[Black "Dragojlovic, Andjelko"]
[Result "0-1"]
[WhiteElo "1972"]
[BlackElo "2368"]
[PlyCount "94"]
[EventDate "2006.09.03"]

1. e4 c5 2. d4 cxd4 3. c3 g6 4. cxd4 d5 5. exd5 Nf6 6. Bb5+ Bd7 7. Bc4 Bg7 8.
Nc3 O-O 9. h3 b5 10. Bxb5 Bxb5 11. Nxb5 Qxd5 12. a4 a6 13. Nc3 Qxg2 14. Qf3
Qxf3 15. Nxf3 Nc6 16. O-O Rab8 17. Re1 e6 18. Re2 Rb4 19. Be3 Rfb8 20. Rc1 Ne7
21. Nd1 Nfd5 22. Ne5 Nxe3 23. fxe3 Bxe5 24. dxe5 Rxa4 25. e4 Ra5 26. Rc7 Kf8
27. Rd2 Rxe5 28. Rdd7 Re8 29. Nf2 f5 30. h4 fxe4 31. Ng4 Rf5 32. Ra7 a5 33. Ne3
Rf3 34. Nc4 e3 35. Rxa5 e2 36. Ra1 Rc8 37. Ne5 Re3 38. Nd3 Nd5 39. Ne1 Nf6 40.
Rb7 Kg8 41. Raa7 Rf8 42. Kg2 Nh5 43. b4 Rg3+ 44. Kh2 Rf2+ 45. Kh1 Rh3+ 46. Kg1
Rf1+ 47. Kg2 Nf4# 0-1

[Event "V Festival A"]
[Site "Torre del Greco ITA"]
[Date "2006.09.10"]
[Round "8"]
[White "Gromovs, Sergejs"]
[Black "Pinto, Gaetano"]
[Result "1-0"]
[WhiteElo "2314"]
[BlackElo "1979"]
[PlyCount "41"]
[EventDate "2006.09.03"]

1. d4 d5 2. c4 c6 3. Nc3 Nf6 4. cxd5 cxd5 5. Bf4 Nc6 6. e3 a6 7. Bd3 Bg4 8. f3
Bh5 9. Qb3 e6 10. Qxb7 Na5 11. Qc7 Qxc7 12. Bxc7 Nc4 13. Bxc4 dxc4 14. Nge2 Kd7
15. Be5 Bd6 16. Bxd6 Kxd6 17. e4 Ke7 18. h4 Bg6 19. h5 Nxh5 20. e5 Rab8 21.
O-O-O 1-0

[Event "V Festival A"]
[Site "Torre del Greco ITA"]
[Date "2006.09.10"]
[Round "8"]
[White "Malafronte, Agostino"]
[Black "Vanacore, Francesco"]
[Result "0-1"]
[WhiteElo "1999"]
[BlackElo "2055"]
[PlyCount "136"]
[EventDate "2006.09.03"]

1. d4 d5 2. Nf3 Nf6 3. e3 e6 4. Bd3 Bd6 5. O-O O-O 6. Nbd2 Nbd7 7. b3 b6 8. Bb2
Bb7 9. Ne5 c5 10. f4 Ne4 11. Rf3 f5 12. Rh3 Bxe5 13. fxe5 Qg5 14. Qe2 cxd4 15.
Bxe4 fxe4 16. exd4 Rf5 17. Ba3 Ba6 18. c4 Rc8 19. Rg3 Qh6 20. Rc3 b5 21. Rh3
Qg5 22. Rg3 Qh6 23. cxb5 Bxb5 24. Qg4 Rc2 25. Nf1 Bxf1 26. Rxf1 Rxf1+ 27. Kxf1
Rxa2 28. b4 Nf8 29. Qd1 Qf4+ 30. Kg1 e3 31. Rf3 e2 32. Qxe2 Qxd4+ 33. Qe3 Qxe3+
34. Rxe3 a6 35. Bc1 Ra1 36. Rc3 Nd7 37. Rc8+ Kf7 38. Rc7 Ke8 39. Kf2 Nxe5 40.
Bg5 Nf7 41. Be3 Ra2+ 42. Kf1 Ne5 43. Rxg7 h5 44. Bc5 Nd3 45. Bd6 Rf2+ 46. Kg1
Rf7 47. Rg3 Nf4 48. Kf2 Kd7 49. Bxf4 Rxf4+ 50. Ke2 Rxb4 51. Ra3 Rb6 52. Rh3 a5
53. Rxh5 a4 54. Rh7+ Kc6 55. Ra7 Kb5 56. Kd3 Ra6 57. Rb7+ Kc5 58. Rc7+ Kb4 59.
Kc2 a3 60. Kb1 a2+ 61. Ka1 d4 62. h4 d3 63. h5 e5 64. h6 Rxh6 65. Kxa2 Rd6 66.
Rc1 d2 67. Rd1 Kc3 68. Kb1 Rb6+ 0-1

[Event "V Festival A"]
[Site "Torre del Greco ITA"]
[Date "2006.09.10"]
[Round "8"]
[White "Sannino, Raffaele"]
[Black "Della Corte, Alessandro"]
[Result "0-1"]
[WhiteElo "2031"]
[BlackElo "2205"]
[PlyCount "86"]
[EventDate "2006.09.03"]

1. e4 d5 2. exd5 Qxd5 3. Nc3 Qd6 4. g3 Nf6 5. Bg2 c6 6. Nf3 Bg4 7. h3 Bh5 8. d3
Nbd7 9. Qe2 e6 10. Bd2 Be7 11. O-O-O Qc7 12. Rhe1 O-O 13. g4 Bg6 14. Nh4 Nb6
15. Nxg6 hxg6 16. h4 Nfd5 17. h5 Nf4 18. Qf3 g5 19. Bh1 Rad8 20. Ne2 Nbd5 21.
Nxf4 Nxf4 22. Bc3 Nd5 23. Bd2 Bf6 24. Qe4 Qb6 25. c3 Qxf2 26. Rf1 Qh2 27. d4 b5
28. Bf3 b4 29. Be2 bxc3 30. bxc3 Qd6 31. Kc2 Qa3 32. Ra1 Rb8 33. Rfb1 Rxb1 34.
Rxb1 Qxa2+ 35. Kd1 Be7 36. Bd3 Nf6 37. Qg2 Qd5 38. Qe2 c5 39. Rb5 Qh1+ 40. Kc2
cxd4 41. Rxg5 Rb8 42. Bc1 Nd5 43. Be4 Nxc3 0-1

[Event "V Festival A"]
[Site "Torre del Greco ITA"]
[Date "2006.09.10"]
[Round "9"]
[White "D'Orta, Antonio"]
[Black "Malafronte, Agostino"]
[Result "0-1"]
[WhiteElo "1991"]
[BlackElo "1999"]
[PlyCount "126"]
[EventDate "2006.09.03"]

1. e4 e6 2. g3 d5 3. Nc3 Nc6 4. Bg2 Nf6 5. d3 dxe4 6. Nxe4 Nxe4 7. Bxe4 g6 8.
c3 Bg7 9. d4 O-O 10. Be3 e5 11. dxe5 Nxe5 12. f3 Qe7 13. Qe2 c6 14. h4 Be6 15.
h5 f5 16. Bc2 Bc4 17. Bb3 Bxb3 18. axb3 Rad8 19. Bd4 Qg5 20. Rh3 Rfe8 21. Kf1
Nf7 22. Qh2 Bxd4 23. cxd4 Rxd4 24. hxg6 Qxg6 25. f4 Rd3 26. Re1 Rxe1+ 27. Kxe1
Qe6+ 28. Ne2 Re3 29. Kd2 Qe4 30. g4 Rxh3 31. Qxh3 Nd6 32. gxf5 Nxf5 33. Qg4+
Kf8 34. Qg5 Qd5+ 35. Ke1 Qe6 36. Qd8+ Kf7 37. Qh8 Kg6 38. Kf2 Qe3+ 39. Ke1 Qxb3
40. Qd8 Qe6 41. Qg5+ Kf7 42. Kf2 Qf6 43. Qh5+ Qg6 44. Qh1 h5 45. Qe4 Qe6 46.
Qf3 h4 47. Qh5+ Kg7 48. Qg5+ Qg6 49. Qd8 h3 50. Qc7+ Kh6 51. Qe5 Kh5 52. Qh8+
Kg4 53. Ng1 Nh4 54. Qc3 Kh5 55. Qxh3 Qc2+ 56. Ne2 Qxb2 57. Qg3 Qb6+ 58. Ke1
Qb1+ 59. Kd2 Qg6 60. Qc3 Qd6+ 61. Ke1 Qe7 62. Qh8+ Kg4 63. Qg8+ Kf3 0-1

[Event "V Festival A"]
[Site "Torre del Greco ITA"]
[Date "2006.09.10"]
[Round "9"]
[White "Della Corte, Alessandro"]
[Black "Balzano, Luigi"]
[Result "1-0"]
[WhiteElo "2205"]
[BlackElo "1781"]
[PlyCount "58"]
[EventDate "2006.09.03"]

1. e4 c6 2. d4 d5 3. Nc3 dxe4 4. Nxe4 Nf6 5. Nxf6+ exf6 6. c3 Be6 7. Bd3 g6 8.
Ne2 Bg7 9. O-O O-O 10. Bf4 Re8 11. Re1 Nd7 12. Qc2 b5 13. Rad1 Nb6 14. b3 a5
15. Ng3 a4 16. Ne4 axb3 17. axb3 Nd5 18. Bd2 Re7 19. c4 bxc4 20. bxc4 Nb6 21.
Bb4 Rea7 22. Nc5 Qxd4 23. Bxg6 Qxd1 24. Bxh7+ Kh8 25. Rxd1 Bxc4 26. h4 Bd5 27.
Qf5 Bh6 28. Bc3 Kg7 29. Bxf6+ Kf8 1-0

[Event "V Festival A"]
[Site "Torre del Greco ITA"]
[Date "2006.09.10"]
[Round "9"]
[White "Lamagna, Mario"]
[Black "Grasso, Nino"]
[Result "0-1"]
[WhiteElo "1912"]
[BlackElo "1972"]
[PlyCount "72"]
[EventDate "2006.09.03"]

1. e4 e5 2. Nf3 Nc6 3. Bb5 a6 4. Ba4 Nf6 5. O-O Be7 6. d4 exd4 7. e5 Ne4 8.
Nxd4 Nc5 9. Nf5 Ne6 10. f4 Bc5+ 11. Kh1 Ncd4 12. Nxd4 Nxd4 13. Be3 Nb3 14. Bxb3
Bxe3 15. Qg4 O-O 16. Qg3 Bc5 17. f5 Re8 18. Nc3 d6 19. f6 g6 20. Qg5 Rxe5 21.
Qh6 Qf8 22. Qg7+ Qxg7 23. fxg7 Be6 24. Rf3 Bxb3 25. axb3 Kxg7 26. Raf1 f5 27.
g4 Rf8 28. Kg2 c6 29. Rf4 d5 30. b4 Bd6 31. g5 Re3 32. Rd4 Rfe8 33. Rfd1 Be5
34. Rh4 Bxc3 35. bxc3 Re2+ 36. Kf1 Rxc2 0-1

[Event "V Festival A"]
[Site "Torre del Greco ITA"]
[Date "2006.09.10"]
[Round "9"]
[White "Pinto, Gaetano"]
[Black "Manguso, Mauro"]
[Result "0-1"]
[WhiteElo "1979"]
[BlackElo "2054"]
[PlyCount "64"]
[EventDate "2006.09.03"]

1. d4 Nf6 2. Nf3 c5 3. c3 g6 4. Bg5 Ne4 5. Bh4 Bg7 6. Nbd2 d5 7. e3 cxd4 8.
cxd4 Nc6 9. Be2 Bf5 10. O-O O-O 11. Nxe4 Bxe4 12. Nd2 Bf5 13. Bg4 Bxg4 14. Qxg4
Qb6 15. Nb3 e5 16. Nc5 exd4 17. Nd7 Qxb2 18. Nxf8 Rxf8 19. Rab1 Qxa2 20. Rxb7
d3 21. Qd1 Qc4 22. Bg3 a5 23. Qb1 d2 24. Rd1 Bc3 25. Bd6 Rc8 26. Ba3 Nb4 27.
Bb2 Qe2 28. Bxc3 Rxc3 29. Rb8+ Kg7 30. Rf1 Qxf1+ 31. Kxf1 Rc1+ 32. Ke2 d1=Q#
0-1

[Event "V Festival FIDE"]
[Site "Torre del Greco ITA"]
[Date "2006.09.03"]
[Round "1"]
[White "Castaldo, Folco"]
[Black "Orlov, Andrey"]
[Result "0-1"]
[WhiteElo "2336"]
[BlackElo "2439"]
[PlyCount "114"]
[EventDate "2006.09.03"]

1. e4 d6 2. d4 Nf6 3. Nc3 e5 4. Nge2 exd4 5. Nxd4 Be7 6. Bf4 O-O 7. Qd2 Re8 8.
O-O-O Bf8 9. f3 Nbd7 10. g4 Ne5 11. Be2 a6 12. h4 b5 13. h5 b4 14. Nd5 Nxd5 15.
exd5 a5 16. h6 g6 17. Bg5 Be7 18. Bxe7 Qxe7 19. g5 Bd7 20. Rhe1 Qf8 21. f4 Ng4
22. Bb5 Bxb5 23. Nxb5 Rac8 24. Rxe8 Rxe8 25. Nxc7 Re4 26. Qg2 Rxf4 27. Qg3 Rc4
28. Nb5 Ne5 29. Nd4 Qe7 30. Qf4 Kf8 31. Kb1 Ke8 32. b3 Rc5 33. Ne2 Qc7 34. Qe4
Qe7 35. Qf4 Qc7 36. Rd2 Qb7 37. Qe4 Qe7 38. Qe3 Nd7 39. Qg3 Qe5 40. Rd3 Kd8 41.
Nf4 Rc3 42. Rxc3 bxc3 43. a3 Nc5 44. Ka2 Qe4 45. Nd3 Ke7 46. Ne1 Qd4 47. Qf3
Qd2 48. Qf6+ Kd7 49. Qxf7+ Kd8 50. Qf8+ Kc7 51. Qe7+ Nd7 52. Qe4 Kd8 53. Nd3
Qxc2+ 54. Ka1 Qd1+ 55. Ka2 c2 56. Kb2 Qb1+ 57. Kc3 c1=Q+ 0-1

[Event "V Festival FIDE"]
[Site "Torre del Greco ITA"]
[Date "2006.09.03"]
[Round "1"]
[White "De Rosa, Mariagrazia"]
[Black "Okhotnik, Vladimir"]
[Result "0-1"]
[WhiteElo "2092"]
[BlackElo "2485"]
[PlyCount "90"]
[EventDate "2006.09.03"]

1. e4 c5 2. Nf3 Nf6 3. e5 Nd5 4. c3 Nc6 5. d4 cxd4 6. cxd4 d6 7. Bc4 e6 8. O-O
Be7 9. Nc3 Nxc3 10. bxc3 dxe5 11. Nxe5 Nxe5 12. dxe5 Qxd1 13. Rxd1 Bd7 14. Be3
Rc8 15. Bf1 Bc5 16. Bd4 Ke7 17. Rab1 b6 18. g3 Bxd4 19. Rxd4 Rxc3 20. Rbd1 Rc7
21. a4 Bc6 22. Bg2 Bb7 23. Bxb7 Rxb7 24. Rc1 Rd8 25. Rdc4 Rbd7 26. Rc7 h5 27.
h4 Rxc7 28. Rxc7+ Rd7 29. Rc8 Rb7 30. Ra8 Kd7 31. Kg2 Kc6 32. f3 Kd5 33. f4 Kc4
34. Kf3 Kb4 35. g4 hxg4+ 36. Kxg4 g6 37. Kg5 Kxa4 38. Kf6 b5 39. Rf8 b4 40.
Rxf7 Rxf7+ 41. Kxf7 b3 42. h5 gxh5 43. f5 b2 44. fxe6 b1=Q 45. e7 Qf5+ 0-1

[Event "V Festival FIDE"]
[Site "Torre del Greco ITA"]
[Date "2006.09.03"]
[Round "1"]
[White "Isonzo, David"]
[Black "Amato, Andrea"]
[Result "1/2-1/2"]
[WhiteElo "2361"]
[BlackElo "2263"]
[PlyCount "50"]
[EventDate "2006.09.03"]

1. e4 e6 2. d3 d5 3. Nd2 c5 4. Ngf3 Nc6 5. g3 Bd6 6. Bg2 Nge7 7. O-O O-O 8. Re1
Qc7 9. c3 d4 10. Nc4 e5 11. cxd4 cxd4 12. Bd2 f6 13. Rc1 Be6 14. b4 b5 15. Nxd6
Qxd6 16. a3 a5 17. Rc5 axb4 18. axb4 Ra3 19. Qc2 Rc8 20. Rc1 Qb8 21. Bf1 Qa7
22. Rb1 Ra2 23. Rb2 Ra1 24. Rb1 Ra2 25. Rb2 Ra1 1/2-1/2

[Event "V Festival FIDE"]
[Site "Torre del Greco ITA"]
[Date "2006.09.03"]
[Round "1"]
[White "Madan, Augustin"]
[Black "Sellitti, Federico"]
[Result "1/2-1/2"]
[WhiteElo "2411"]
[BlackElo "2165"]
[PlyCount "112"]
[EventDate "2006.09.03"]

1. e4 c5 2. Nc3 Nc6 3. Bb5 g6 4. Bxc6 bxc6 5. d4 Bg7 6. dxc5 Rb8 7. Nge2 Ba6 8.
O-O Nf6 9. e5 Nd5 10. Re1 Qc7 11. Nxd5 cxd5 12. Nc3 e6 13. Qd4 h6 14. f4 O-O
15. b4 Bc4 16. Rb1 Rb7 17. a4 a5 18. b5 Rc8 19. Be3 Bf8 20. f5 Bxc5 21. Qxc5
Qxc5 22. Bxc5 Rxc5 23. fxg6 fxg6 24. Rbd1 Kf7 25. Rd4 g5 26. Re3 Rc8 27. h4
Rbb8 28. Rf3+ Ke7 29. hxg5 hxg5 30. Rg4 Rg8 31. Rh3 Rg7 32. Rh5 d6 33. exd6+
Kxd6 34. Rh6 Re8 35. Kf2 Kc5 36. Ke3 Kb4 37. Kd2 Rf7 38. Nd1 Kxa4 39. Nb2+ Kxb5
40. Nxc4 dxc4 41. Rxg5+ Rf5 42. Rg7 Kb4 43. Rb7+ Rb5 44. c3+ Ka4 45. Rxb5 Kxb5
46. g4 a4 47. g5 a3 48. Kc2 Rf8 49. Rf6 Ra8 50. Rf1 Rh8 51. Rg1 Rh2+ 52. Kb1
Ka4 53. g6 Kb3 54. g7 Rb2+ 55. Ka1 Ra2+ 56. Kb1 Rb2+ 1/2-1/2